00912 2200301 4500001002100000005001500021035002000036007000300056008004100059020002200100082001600122084001800138100004600156245008100202250003700283300004000320650001700360504002500377264003400402336002100436337003000457338002300487040002200510090002200532850001200554999002200566990002200588INLIS00000000088951120240802100926 a0010-0824000074ta240802s2021 yoia g 000 | ind d a978-602-6542-70-004223a661.802 a661.802 SIT f3 aSitumeang, Rudy Tahan MangapulePengarang10aFotokatalis LaCrO3 :bkonversi nanoselulosa /cRudy Tahan Mangapul Situmeang aEdisi Pertama : Cetakan I, 2021 axiii, 60 halaman :bgambar ;c24 cm 4aKimia teknis aTermasuk bibliografi31aYogyakarta :bInnosain,c2021 2rdacontentateks 2rdamediaatanpa perantara 2rdacarrieravolume aYOPDYOGbinderda aCB-D.11 2021-4677 aYOPDYOG aCB-D.11/2021-4677 aCB-D.11/2021-4677